000 00963nam a2200253Ia 4500
003 OSt
005 20220916110922.0
006 a|||||r|||| 00| 0
007 ta
008 220915b |||||||| |||| 00| 0 hin d
024 _a185746
037 _cTextbook
040 _bhin
_aARTS
_cARTS
041 _ahin
082 _aO152,1(/\25) :g, J9
100 _aशास्त्री, धर्मेन्द्र ब्रहमचारी
245 0 _aसंत मत का सरथंग सम्प्रदाय
246 _aSanta mat kā sarathanga sampradāya
260 _aपटना
_bबिहार राष्ट्रभाषा परिषद भारत
_c1959
300 _a244 पृ0
_ccm.
650 _aहिन्दी साहित्य
942 _hO152,1(/\25) :g, J9
_cTB
_2CC
999 _c101363
_d101363